00434nam a2200157Ia 450000100060000000800410000602000180004704000130006508200200007810000170009824500740011526000380018930000110022754600070023865000310024572295160401s9999 xx 000 0 und d a9781594487101 cPK-LaUMT a 320.955bSEC-C aSecor, Laura aChildren of paradisebthe struggle for the soul of IrancSecor, Laura aNew York,USA:bRegan Books,c2016 a508 p. aEN aInran-Political conditions